[Event "LUX-chABC"]
[Site "Dudelange"]
[Date "1998.04.18"]
[Round "8.11"]
[White "Simon, Ben"]
[Black "Ludewig, Robert"]
[Result "1/2-1/2"]
[WhiteElo "2005"]
[BlackElo "1890"]
[PlyCount "50"]
[EventDate "1998.04.11"]
[EventType "swiss"]
[EventRounds "9"]
[EventCountry "LUX"]
[SourceTitle "EXT 2013"]
[Source "ChessBase"]
[SourceDate "2012.11.22"]
[SourceVersion "1"]
[SourceVersionDate "2012.11.22"]
[SourceQuality "1"]

1. Nf3 d6 2. d4 c6 3. g3 Nd7 4. Bg2 Qc7 5. b3 g6 6. Bb2 Bg7 7. Nbd2 Ngf6 8. 0-0 0-0 9. c4 e5 10. dxe5 Nxe5 11. Nxe5 dxe5 12. Qc2 Rd8 13. Rad1 Ne8 14. e4 Be6 15. Nf3 f6 16. Rd2 Rxd2 17. Nxd2 Rd8 18. Rd1 Qd7 19. Bf3 Qc8 20. Nf1 Kf7 21. Ne3 Bf8 22. Bc3 Bh6 23. Rxd8 Qxd8 24. Qd1 Qxd1+ 25. Nxd1 Bf8 1/2-1/2

[Event "LUX-chABC"]
[Site "Dudelange"]
[Date "1998.04.11"]
[Round "1.17"]
[White "Birtz, Claude"]
[Black "Simon, Ben"]
[Result "1-0"]
[WhiteElo "1620"]
[BlackElo "2005"]
[PlyCount "76"]
[EventDate "1998.04.11"]
[EventType "swiss"]
[EventRounds "9"]
[EventCountry "LUX"]
[SourceTitle "EXT 2013"]
[Source "ChessBase"]
[SourceDate "2012.11.22"]
[SourceVersion "1"]
[SourceVersionDate "2012.11.22"]
[SourceQuality "1"]

1. f4 g6 2. e3 Bg7 3. Nf3 b6 4. g3 Bb7 5. Bg2 d6 6. 0-0 Nf6 7. d3 Nbd7 8. Qe1 0-0 9. Nc3 c5 10. b3 a6 11. Bb2 Qc7 12. Rb1 Rae8 13. e4 e6 14. Nd1 b5 15. Nf2 Rc8 16. c4 Ra8 17. Qc3 b4 18. Qc2 a5 19. d4 cxd4 20. Nxd4 Rfc8 21. Nb5 Qb6 22. Qe2 Ne8 23. Bxg7 Kxg7 24. Rbd1 Rd8 25. Kh1 Nc5 26. Qb2+ f6 27. Nd4 Kf7 28. Ne2 a4 29. e5 Bxg2+ 30. Kxg2 axb3 31. axb3 Ra3 32. Nd4 Rda8 33. Kh3 Ra2 34. Qb1 fxe5 35. fxe5 dxe5 36. Ne4+ Kg7 37. Nxc5 exd4 38. Rxd4 Qxc5 1-0